000 00807nab a2200241 u 4500
001 11203
003 HDC
007 cr bn ---aaaaa
008 210206c9999 |r|noo 0 a eng d
040 _aHDC
110 _aAbudhabi City Guide
245 0 _aSharjah To Host OIC Halal ME Exhibition And Congress
260 _a[no place] :
_b[publisher not identified],
_c[no year]
336 _atext
_2rdacontent
337 _acomputer
_2rdamedia
338 _aonline resource
_2rdacarrier
650 _aHalal products
_9642
650 _aScheme for Halal Products
_911458
856 _zRequest full-text at [email protected]
942 _2lcc
942 _cNEWS
942 _kNWSO 001272
999 _c8526
_d8526